Conversations with Igor Stravinsky
Uloženo v:
| Hlavní autoři: | , |
|---|---|
| Médium: | Kniha |
| Jazyk: | angličtina |
| Vydáno: |
Londres
Faber Music
1979
|
| Témata: | |
| Tagy: |
Přidat tag
Žádné tagy, Buďte první, kdo vytvoří štítek k tomuto záznamu!
|
MARC
| LEADER | 00000nam a2200000 a 4500 | ||
|---|---|---|---|
| 001 | UCN1638 | ||
| 003 | CL-VaPUC | ||
| 005 | 20231023114124.0 | ||
| 008 | 010427e19790000UK |||||||||||||||||eng|d | ||
| 999 | |c 294889 |d 294887 | ||
| 040 | |c Pontificia Universidad Católica de Valparaíso | ||
| 082 | 0 | 4 | |a 780.92 CRA 1979 |2 21 |
| 100 | 0 | |a Craft, Robert |e author |9 456873 | |
| 245 | 1 | 0 | |a Conversations with Igor Stravinsky |
| 260 | |a Londres |b Faber Music |c 1979 | ||
| 300 | |a 140 p | ||
| 583 | |a last modification |c 20010427 00:00:00 |k Rodrigo Vera | ||
| 600 | 0 | |a Stravinsky, Igor Federovich |d 1882-1971 |9 306253 | |
| 650 | 0 | |a Compositores rusos |9 329355 | |
| 650 | 0 | |a Música, siglo 20 |9 324961 | |
| 650 | 0 | |a Entrevistas |9 265537 | |
| 700 | |a Stravinsky, Igor Federovich |d 1882-1971 |e author |9 306253 | ||
| 942 | |c BK |2 ddc | ||
| 945 | |d 20010427 00:00:00 |a crobeson | ||
| 952 | |0 0 |1 0 |2 ddc |4 0 |6 780_920000000000000_CRA_1979 |7 0 |8 A |9 347637 |a BIBEDU |b BIBEDU |d 2019-11-20 |i 1181033 |o 780.92 CRA 1979 |p 1181033 |r 2023-01-12 |w 2019-11-20 |y BK |k MUS | ||